Mathematical miniatures / (رقم التسجيلة. 33387)

تفاصيل مارك
000 -الفاتح
حقل البيانات ثابتة الطول 01430cam a2200373 a 4500
001 - رقم الضبط
رقم الضبط 12569065
003 - محدد رقم الضبط
رقم الضبط OSt
005 - وقت وتاريخ اخر تعامل مع التسجيلة
رقم الضبط 20150408114205.0
008 - عناصر البيانات ثابتة الطول - معلومات عامة
حقل البيانات ثابتة الطول 011025s2003 dcua 000 0 eng d
010 ## - رقم ضبط مكتبة الكونجرس
رقم ضبط مكتبة الكونجرس 2001097390
015 ## - رقم الببليوجرافية الوطنية
رقم الببليوجرافية الوطنية GBA3-17647
016 7# - رقم ضبط الوكاله الوطنية للضبط الببليوجرافي
رقم ضبط التسجيلة 088385645x
المصدر Uk
020 ## - الرقم الدولى المعيارى للكتب
الرقم الدولى المعيارى للكتاب 088385645X (pbk.)
035 ## - رقم ضبط النظام
رقم ضبط النظام (DLC)12569065
040 ## - مصدر الفهرسة
وكالة الفهرسة الأصلية Uk
وكالة النسخ Uk
وكالة التعديل Uk
-- NNU
-- DLC
042 ## - رمز التحقق
رمز التحقق lccopycat
050 00 - رقم طلب مكتبة الكونجرس
رقم التصنيف QA43
رقم المادة .S285 2003
082 00 - رقم تصنيف ديوى العشرى
رقم التصنيف 510
رقم الطبعة 22
رقم المادة SSM
100 1# - المدخل الرئيسى - إسم شخصى
الإسم الشخصى Savchev, Svetoslav.
9 (RLIN) 42545
245 10 - بيان العنوان
العنوان Mathematical miniatures /
بيان المسئوليه,etc Svetoslav Savchev, Titu Andreescu.
260 ## - PUBLICATION, DISTRIBUTION, ETC. (IMPRINT)
مكان الناشر او الموزع Washington, D.C. :
اسم الناشر او الموزع Mathematical Association of America,
تاريخ النشر أو التوزيع c2003.
300 ## - الوصف المادى
التعداد xi, 223 p. :
تفاصيل ماديه اخرى للوعاء ill. ;
أبعاد الوعاء 23 cm.
440 #0 - بيان السلسلة/مدخل إضافى-العنوان
العنوان Anneli Lax new mathematical library ;
رقم المجلد/ التعيين التسلسلي v. 43
9 (RLIN) 42546
650 #0 - المدخل الاضافى بالموضوع-مصطلح موضوعى
مصطلح موضوعي أو اسم جغرافي كعنصر مدخل Mathematics
التقسيم الفرعي الشكلي Problems, exercises, etc.
650 #0 - المدخل الاضافى بالموضوع-مصطلح موضوعى
مصطلح موضوعي أو اسم جغرافي كعنصر مدخل Problem solving.
700 1# - المدخل الاضافى - اسم شخصى
الإسم الشخصى Andreescu, Titu,
التواريخ المصاحبة للاسم 1956-
9 (RLIN) 42547
710 2# - المدخل الاضافى - اسم هيئه
اسم الهيئة أو اسم السلطة كمدخل Mathematical Association of America.
9 (RLIN) 14464
856 42 - الوصول و الموقع الالكترونى
مواد محددة Publisher description
معرف المصدر الموحد <a href="http://www.loc.gov/catdir/description/cam041/2001097390.html">http://www.loc.gov/catdir/description/cam041/2001097390.html</a>
856 41 - الوصول و الموقع الالكترونى
مواد محددة Table of contents
معرف المصدر الموحد <a href="http://www.loc.gov/catdir/toc/cam041/2001097390.html">http://www.loc.gov/catdir/toc/cam041/2001097390.html</a>
906 ## - عنصر بيانات محلى F, LDF (RLIN)
a 7
b cbc
c copycat
d 3
e ncip
f 20
g y-gencatlg
942 ## - عناصر المدخل الإضافي( كوها)
مصدر التصنيف او مخطط الترفيف Dewey Decimal Classification
Koha [default] item type DVD
المقتنيات
حالة الفقد نموذج السعر الفعال حالة تلف ليس للاعارة رقم الطلب تاريخ الاكتساب الموقع الحالي الفرع الرئيسي Date last seen نوع المادة فى نظام كوها مصدر التصنيف او خطة الترفيف Total Checkouts
  2014-01-27     510 SSM 2014-01-27 المكتبة المركزية بالمجمعة (CL) المكتبة المركزية بالمجمعة (CL) 2014-01-27 كتاب Dewey Decimal Classification